Normal view
MARC view
- Aghav, S. D. And Others
Entry Personal Name
001 - CONTROL NUMBER
- control field: 69253
003 - CONTROL NUMBER IDENTIFIER
- control field: OSt
005 - DATE AND TIME OF LATEST TRANSACTION
- control field: 20220806111550.0
008 - FIXED-LENGTH DATA ELEMENTS
- fixed length control field: 220806|| aca||aabn | a|a d
040 ## - CATALOGING SOURCE
- Original cataloging agency: OSt
- Transcribing agency: OSt
100 ## - HEADING--PERSONAL NAME
- Personal name: Aghav, S. D. And Others
670 ## - SOURCE DATA FOUND
- Source citation: Work cat.: (OSt)38858: Aghav, S. D. And Others, Oscillations, Waves And Sound (sem.-ii, Paper-i), 2014